ბათუმის შოთა რუსთაველის სახელმწიფო უნივერსიტეტის ბიბლიოთეკა

Новые материалы в технике. (ბიბ.ჩანაწერი № 46815)

000 -LEADER
fixed length control field 00667nam a2200205Ia 4500
001 - CONTROL NUMBER
control field 13666
003 - CONTROL NUMBER IDENTIFIER
control field GE_BSU
008 - FIXED-LENGTH DATA ELEMENTS--GENERAL INFORMATION
fixed length control field 181216s||||||||xx |||||||||||||| ||und||
040 ## - CATALOGING SOURCE
Transcribing agency GE_BSU
080 ## - UNIVERSAL DECIMAL CLASSIFICATION NUMBER
Universal Decimal Classification number 691(075.8)
245 ## - TITLE STATEMENT
Title Новые материалы в технике.
245 ## - TITLE STATEMENT
Remainder of title Учебное пособие.
245 ## - TITLE STATEMENT
Statement of responsibility, etc. Под ред. Е.Б.Тростянской, Б.А.Колачева, С.И.Сильвестровича.
260 ## - PUBLICATION, DISTRIBUTION, ETC.
Place of publication, distribution, etc. М.
260 ## - PUBLICATION, DISTRIBUTION, ETC.
Name of publisher, distributor, etc. Гостоптехиздат.
260 ## - PUBLICATION, DISTRIBUTION, ETC.
Date of publication, distribution, etc. 1962.
300 ## - PHYSICAL DESCRIPTION
Extent 589 стр. 22см. Библиогр.: стр.648.
653 ## - INDEX TERM--UNCONTROLLED
Uncontrolled term Новые материалы в технике.
942 ## - ADDED ENTRY ELEMENTS (KOHA)
Koha item type წიგნი
ეგზემპლარები
Withdrawn status Lost status Damaged status Not for loan Date acquired Barcode Date last seen Price effective from Koha item type
        2018-12-17 11862 2018-12-17 2018-12-17 წიგნი
        2018-12-17 11863 2018-12-17 2018-12-17 წიგნი